Villes du Monde sur une carte par lettre - R - Statistiques

Statistiques générales
  • Ce quiz a été pris 29 124 fois
  • Le résultat moyen est 10 sur 24
Réponses sur la Carte
Les réponses sont colorées sur une échelle allant du rouge au vert en fonction du pourcentage des utilisateurs qui les ont devinées à leur premier essai. Vous pouvez retrouver ces pourcentages ci-dessous.
 
Statistiques - réponses
Villes % Correct
Rennes
90%
Rome
90%
Rabat
85%
Rio de Janeiro
85%
Rouen
84%
Reims
78%
Reykjavik
76%
Rotterdam
76%
Riga
68%
Riyad
65%
Rangoun
21%
Rostov-sur-le-Don
21%
Recife
20%
Rosario
20%
Raleigh
16%
Ramallah
16%
Rhodes
16%
Roseau
16%
Richmond
15%
Rostock
14%
Régina
11%
Reggio de Calabre
10%
Rimouski
6%
Rawalpindi
4%
Aucun quiz correspondant
Distribution des résultats
% des personnes avec chaque résultat
Percentile par nombre de réponses
Votre historique - résultats
Vous n’avez pas pris ce quiz